[Event "IECC KO-5048"]
[Site "IECC email"]
[Date "2005.08.31"]
[Round "?"]
[White "Saha, Tapas"]
[Black "Berkley, Stephen W"]
[Result "0-1"]
[WhiteElo "1157"]
[BlackElo "1715"]
[PlyCount "52"]
[EventDate "2005.??.??"]
[EventType "match (corr)"]
[EventRounds "2"]
[SourceTitle "Corr 2008"]
[Source "ChessBase"]
[SourceDate "2008.06.24"]
[SourceVersion "1"]
[SourceVersionDate "2008.06.24"]
[SourceQuality "1"]

1. d4 d5 2. c4 c5 3. cxd5 Nf6 4. e4 Nxe4 5. dxc5 Qa5+ 6. Bd2 Nxd2 7. Qxd2 Qxc5 8. Nc3 Bf5 9. Be2 Nd7 10. Nf3 Rc8 11. 0-0 Nf6 12. Bb5+ Bd7 13. Rac1 Rd8 14. a4 Qb6 15. Rfe1 Bxb5 16. Nxb5 Nxd5 17. Re5 e6 18. Nfd4 Bb4 19. Qd1 0-0 20. Re2 a6 21. Nc3 Bxc3 22. bxc3 Nxc3 23. Rxc3 Qxd4 24. Qxd4 Rxd4 25. Re1 Rxa4 26. Rc7 b5 0-1

[Event "IECC Swiss-459.4"]
[Site "IECC email"]
[Date "2004.06.03"]
[Round "?"]
[White "Gustafsson, Lars"]
[Black "Saha, Tapas"]
[Result "1/2-1/2"]
[WhiteElo "1705"]
[BlackElo "1118"]
[PlyCount "49"]
[EventDate "2004.??.??"]
[EventType "swiss (corr)"]
[EventRounds "1"]
[SourceTitle "Corr 2020"]
[Source "ChessBase"]
[SourceDate "2019.09.30"]
[SourceVersion "1"]
[SourceVersionDate "2019.09.30"]
[SourceQuality "1"]
[WhiteTeam "Sweden"]
[BlackTeam "India"]
[WhiteTeamCountry "SWE"]
[BlackTeamCountry "IND"]

1. d4 d5 2. c4 e6 3. Nc3 Nf6 4. Bg5 Be7 5. Nf3 0-0 6. e3 Nbd7 7. Bd3 dxc4 8. Bxc4 b6 9. 0-0 Bb7 10. Be2 c5 11. Rc1 h6 12. Bh4 Nd5 13. Bxe7 Qxe7 14. Nxd5 Bxd5 15. Bc4 cxd4 16. Bxd5 exd5 17. Nxd4 Nf6 18. Qb3 Qd7 19. Rfd1 Rac8 20. h3 Rxc1 21. Rxc1 Ne4 22. Rd1 Nc5 23. Qc2 Rc8 24. Qf5 Rd8 25. Qxd7 1/2-1/2

[Event "IECC Swiss email"]
[Site "IECC email"]
[Date "2003.01.18"]
[Round "?"]
[White "Hort, Wolfgang"]
[Black "Saha, Tapas"]
[Result "1-0"]
[WhiteElo "1761"]
[BlackElo "1000"]
[PlyCount "47"]
[EventDate "2003.??.??"]
[EventType "tourn (corr)"]
[EventRounds "6"]
[SourceTitle "Corr 2008"]
[Source "ChessBase"]
[SourceDate "2008.06.24"]
[SourceVersion "1"]
[SourceVersionDate "2008.06.24"]
[SourceQuality "1"]

1. c4 c5 2. Nc3 Nc6 3. Nf3 Nf6 4. g3 e6 5. Bg2 Be7 6. 0-0 0-0 7. d4 cxd4 8. Nxd4 Bc5 9. Be3 Qb6 10. Na4 Qc7 11. Nb5 Qe5 12. Bxc5 Rd8 13. Bd6 Qf5 14. c5 Ne8 15. Qd2 Nxd6 16. Nxd6 Qf6 17. Rad1 Rb8 18. b4 b5 19. cxb6 axb6 20. b5 Na5 21. Nxb6 Rxb6 22. Qxa5 Rb8 23. a4 Qe5 24. Qxd8# 1-0